000 00637nam a2200217Ia 4500
003 GCL
008 140319s9999 xx 000 0 ara d
040 _aGCL /
_cGCL
082 0 4 _a330.1
_bس ا
100 1 _aسلك ليونارد
245 1 0 _aالاقتصاد للجميع /
_cسلك ليونارد
700 1 _aسميرة بحر (مترجم)
700 1 _aصليب بطرس (مراجع)
260 _a[S.N] :
_bمؤسسة سجل العرب ،
_c1983
300 _a202 ص
490 _a
650 0 4 _aالاقتصاد
650 0 4 _aالتخطيط الاقتصادى
650 0 4 _aتعليم وتدريس
942 _2ddc
_cBK
999 _c35830
_d35830